| 000 | 00515nam a2200181Ia 4500 | ||
|---|---|---|---|
| 001 | 9342 | ||
| 005 | 20260306161711.0 | ||
| 008 | 260306t2006||||xx |||||||||||||| ||spa|| | ||
| 041 | _aESP | ||
| 082 |
_a378.104 _bB45 |
||
| 100 |
_aBernuy, Leena _eAUT |
||
| 245 | 0 |
_aTarea pendiente: _bretos y posibilidades de la alianza Universidad - Cooperación internacional en proyectos de impacto social |
|
| 260 | _c2006 | ||
| 300 |
_a104 pƔginas : _c20 cm. |
||
| 650 | _aGEN | ||
| 654 | _aCED | ||
| 942 |
_cLIB _dJUS _fJUS _2ddc _n |
||
| 999 |
_c9342 _d9342 |
||